| 000 | 00751nam a22002537a 4500 | ||
|---|---|---|---|
| 003 | OSt | ||
| 005 | 20140310181734.0 | ||
| 008 | 130220t xxu||||| |||| 00| 0 eng d | ||
| 020 | _a971584409x | ||
| 050 |
_aQD155 _b.N964 2005 |
||
| 082 |
_aTRS 546.078 _bN88 2005 |
||
| 100 |
_aNucum, Zenaida T. _92236 |
||
| 245 |
_aLaboratory manual in general inorganic chemistry _cZenaida T. Nucum, Freddie John V. Calumno, Alfa A. Dacumos. |
||
| 260 |
_aManila : _b C & E Publishing, _cc2005. |
||
| 300 |
_a90 p. : _c26 cm. _bill. ; |
||
| 521 | _aFaculty | ||
| 541 | _j1 | ||
| 541 | _j1 | ||
| 541 | _j2 | ||
| 541 | _j3 | ||
| 562 | _e3 | ||
| 650 |
_aInorganic chemistry _xlaboratory manual. _92237 |
||
| 942 |
_2lcc _cBK-TR _kTRS |
||
| 999 |
_c2500 _d2500 |
||